Statistics for Cities with the Most High-Rise Buildings

Click here to take the quiz!

General Stats

  • This quiz has been taken 204 times
  • The average score is 14 of 25

Answer Stats

Number of BuildingsCity% Correct
6504New York City
98%
7896Hong Kong
88%
1478London
88%
2779Tokyo
87%
1132Chicago
82%
3754Moscow
78%
6959Singapore
71%
2947Rio de Janeiro
69%
2955Seoul
66%
6467Sao Paulo
66%
2511Toronto
64%
2299Mumbai
64%
1463Osaka
62%
1870Buenos Aires
57%
1364Mexico City
56%
1347Delhi
53%
2439Istanbul
48%
1277Madrid
42%
1942Karachi
29%
2203Tehran
27%
3864Caracas
23%
1521Dhaka
22%
1285Lahore
16%
1531Kiev
14%
1770Belo Horizonte
12%

Score Distribution

Percentile by Number Answered

Percent of People with Each Score

Your Score History

You have not taken this quiz